000 00256nam a22001097a 4500
008 140526t xxu||||| |||| 00| 0 eng d
020 _a978-81-309-1112-0
100 _aSubrata Pal
_9873
245 _aTextbook of Biomechanics
300 _a300
942 _2ddc
_cBK
999 _c17115
_d17115